000
00341nam a2200145Ia 4500
008
191201s2009 xx 000 0 und d
082
_a
658.3
_b
AQH
100
_a
AQUINES, P.G.
245
0
_a
Human Resource Management
250
_a
Rep
260
_a
N. Delhi
_b
Vikas Publication House
_c
2009
300
_a
326
650
_a
BBA
942
_2
ddc
_c
BK
999
_c
57
_d
57